| 000 | 00927nam a2200241Ia 4500 | ||
|---|---|---|---|
| 003 | GCL | ||
| 008 | 140319s9999 xx 000 0 ara d | ||
| 020 | _a4057009977 | ||
| 040 |
_aGCL / _cGCL |
||
| 082 | 0 | 4 |
_a320.9569 _bط م |
| 100 | 1 | _aطاهر شاش | |
| 245 | 1 | 0 |
_aمفاوضات التسوية النهائية والدولة الفلسطينية : _bالامال والتحديات / _cطاهر شاش |
| 250 | _aالاولى | ||
| 260 |
_aالقاهرة : _bدار الشروق ، _c1999 |
||
| 300 |
_a262 ص ؛ _c28 سم |
||
| 650 | 0 | 4 | _aالاتفاقيات الدولية |
| 650 | 0 | 4 | _aالنزاع العربى الاسرائيلى |
| 650 | 0 | 4 | _aالقضية الفلسطينية |
| 650 | 0 | 4 | _aاللاجئون الفلسطينيون |
| 650 | 0 | 4 | _aالمفاوضات الدولية |
| 650 | 0 | 4 | _aفلسطين - تاريخ - العصر الحديث - الاحتلال الصهيونى |
| 942 |
_2ddc _cBK |
||
| 999 |
_c56842 _d56842 |
||